000 00429nam a2200181Ia 4500
001 23635
005 20260414150950.0
008 260414t2011||||xx |||||||||||||| ||spa||
041 _aESP
082 _a670.427
_bR79
100 _aRoldán Viloria, José
_eAUT
245 0 _aAutomatismos industriales
_b
260 _c2011
300 _a423 páginas :
_c27 cm.
650 _aTCA
654 _aCII
942 _cLIB
_dJUS
_fJUS
_2ddc
_n
999 _c23635
_d23635